| 000 | 00656cam a22002533a 4500 | ||
|---|---|---|---|
| 001 | 3549 | ||
| 003 | PGUSA | ||
| 005 | 20140828083034.0 | ||
| 008 | 021101s2002||||xxu|||||s|||||000 p eng d | ||
| 040 |
_aPGUSA _beng |
||
| 042 | _adc | ||
| 050 | 4 | _aPR | |
| 100 | 1 |
_aCowley, Abraham, _d1618-1667 |
|
| 245 | 1 | 0 |
_aCowley's Essays _h[electronic resource] / _cAbraham Cowley |
| 260 |
_bProject Gutenberg, _c2002 |
||
| 506 | _aPublic domain in the USA. | ||
| 516 | _aElectronic text | ||
| 653 | _aPhilosophy | ||
| 653 | _aPoetry | ||
| 653 | _aEssays | ||
| 830 | 0 |
_aProject Gutenberg _v3549 |
|
| 856 | 4 | 0 | _uhttp://www.gutenberg.org/ebooks/3549 |
| 942 | _cEB | ||
| 999 |
_c232878 _d232878 |
||